Städte Europas, die auf einen Vokal enden - Statistiken

Allgemein
  • Dieses Quiz wurde 138 mal gespielt
  • Das Durchschnittsergebnis liegt bei 30 aus 66
Antwortstatistiken
Hint Antwort % Korrekt
Sofia
93%
Helsinki
90%
Oslo
90%
Warschau
87%
Riga
85%
Barcelona
80%
Moskau
80%
Hauptstädte Andorra la Vella
77%
Monaco
75%
Portugal Porto
75%
Bratislava
74%
Ljubljana
74%
Valletta
73%
San Marino
72%
Tirana
72%
Valencia
70%
Palma de Mallorca
69%
Pristina
67%
Sarajevo
67%
Marseille
66%
Skopje
65%
Chisinau
63%
Podgorica
63%
Palermo
58%
Krakau
56%
Bilbao
55%
Genua
55%
Schweden Malmö
55%
Nizza
55%
Sevilla
55%
Griechenland Thessaloniki
51%
Odessa
50%
Malaga
47%
Toulouse
46%
Bologna
45%
Polen Breslau
45%
Frankreich Lille
40%
Italien Bari
36%
Granada
31%
Karlsruhe
30%
Verona
30%
Saragossa
27%
Tampere
26%
Spanien (Festland) Alicante
25%
Deutschland Halle (Saale)
25%
Murcia
25%
Catania
24%
Bulgarien Warna
21%
Rumänien Cluj-Napoca
19%
Vigo
19%
Almeria
18%
Pamplona
18%
Finnland Espoo
16%
Slowakei Kosice
16%
Oulu
16%
Cordoba
15%
Ukraine Dnipro
15%
Tschechien Ostrava
15%
Timisoara
13%
Saporischschja
12%
Spanien (Inseln) Las Palmas de Gran Canaria
11%
Vantaa
7%
Gdynia
5%
Iasi
5%
Katowice
5%
Poltawa
4%
Keine übereinstimmenden Quizze gefunden
Verteilung der Resultate
Anzahl Personen mit jedem Resultat
Perzentil nach korrekt beantworteten Fragen
Ihre Resultats-Entwicklung
Sie haben dieses Quiz noch nicht gespielt